<?xml version="1.0" encoding="UTF-8"?><?xml-stylesheet type="text/xsl" href="static/style.xsl"?><OAI-PMH xmlns="http://www.openarchives.org/OAI/2.0/" xmlns:xsi="http://www.w3.org/2001/XMLSchema-instance" xsi:schemaLocation="http://www.openarchives.org/OAI/2.0/ http://www.openarchives.org/OAI/2.0/OAI-PMH.xsd"><responseDate>2026-04-17T05:41:05Z</responseDate><request verb="GetRecord" identifier="oai:www.recercat.cat:2117/171856" metadataPrefix="marc">https://recercat.cat/oai/request</request><GetRecord><record><header><identifier>oai:recercat.cat:2117/171856</identifier><datestamp>2025-07-17T06:33:35Z</datestamp><setSpec>com_2072_1033</setSpec><setSpec>col_2072_452950</setSpec></header><metadata><record xmlns="http://www.loc.gov/MARC21/slim" xmlns:dcterms="http://purl.org/dc/terms/" xmlns:xsi="http://www.w3.org/2001/XMLSchema-instance" xmlns:doc="http://www.lyncode.com/xoai" xsi:schemaLocation="http://www.loc.gov/MARC21/slim http://www.loc.gov/standards/marcxml/schema/MARC21slim.xsd">
   <leader>00925njm 22002777a 4500</leader>
   <datafield ind2=" " ind1=" " tag="042">
      <subfield code="a">dc</subfield>
   </datafield>
   <datafield ind2=" " ind1=" " tag="720">
      <subfield code="a">Rosselló i Nicolau, Maribel</subfield>
      <subfield code="e">author</subfield>
   </datafield>
   <datafield ind2=" " ind1=" " tag="260">
      <subfield code="c">2019</subfield>
   </datafield>
   <datafield ind2=" " ind1=" " tag="520">
      <subfield code="a">Durante los años treinta se ensaya, en diferentes entornos de la costa mediterránea, una arquitectura que surge del mestizaje de los postulados de la arquitectura moderna con las raíces y la esencia de la arquitectura popular. Esta imbricación es especialmente significativa y fructífera en Ibiza donde coinciden directamente diversos protagonistas de la arquitectura moderna nacional e internacional que ven en la arquitectura popular elementos esenciales del planteamiento racionalista. Mientras la situación política en Alemania comporta el cierre de la Bauhaus (1933) y la diáspora de artistas y arquitectos del entorno de la vanguardia, se dan las circunstancias para que, en la mayor de las Pitiusas, a mediados de los treinta, dialoguen modernidad y arquitectura popular. Un arquitecto como Erwin Broner (Erwin Heilbronner) (1898-1971) y protagonistas de la vanguardia española como Josep Lluís Sert (1901-1983) o Germán Rodríguez Arias (1902-1987), entre otros, ven en la arquitectura ibicenca la esencialidad buscada y en sus obras y proyectos la asumen desde una perspectiva diferenciada. Mientras Broner mantiene las formas de la modernidad alemana, Sert y Rodríguez Arias buscan el mestizaje entre modernidad y tradición popular. Estas probaturas y diálogos quedan interrumpidos por las guerras, pero son referentes claves de la modernidad que se forjará a partir de los años cincuenta.</subfield>
   </datafield>
   <datafield ind2=" " ind1=" " tag="520">
      <subfield code="a">Postprint (published version)</subfield>
   </datafield>
   <datafield tag="653" ind2=" " ind1=" ">
      <subfield code="a">Àrees temàtiques de la UPC::Arquitectura::Arquitectura sostenible</subfield>
   </datafield>
   <datafield tag="653" ind2=" " ind1=" ">
      <subfield code="a">Architecture, Modern -- 20th century</subfield>
   </datafield>
   <datafield tag="653" ind2=" " ind1=" ">
      <subfield code="a">Arquitectura de Ibiza</subfield>
   </datafield>
   <datafield tag="653" ind2=" " ind1=" ">
      <subfield code="a">Arquitectura Mediterránea</subfield>
   </datafield>
   <datafield tag="653" ind2=" " ind1=" ">
      <subfield code="a">Arquitectura Moderna</subfield>
   </datafield>
   <datafield tag="653" ind2=" " ind1=" ">
      <subfield code="a">Arquitectura -- Mediterrània, Regió -- Història -- S. XXI -- Congressos</subfield>
   </datafield>
   <datafield ind2="0" ind1="0" tag="245">
      <subfield code="a">Mirando la Bauhaus desde la arquitectura ibicenca</subfield>
   </datafield>
</record></metadata></record></GetRecord></OAI-PMH>